Mystery Taylor Swift Song #133 - Statistics

General Stats
  • This quiz has been taken 206 times
  • The average score is 52 of 98
Answer Stats
Song % Correct
Fearless
93%
I
88%
a
85%
You
85%
the
84%
be
82%
love
82%
it?
81%
it
81%
to
80%
your
80%
and
78%
in
77%
me
76%
my
76%
you're
76%
is
73%
it's
72%
that
72%
were
72%
when
72%
But
70%
by
70%
this
70%
so
68%
was
68%
can
67%
like
67%
All
66%
have
66%
saw
65%
there
65%
at
63%
say
63%
Time
60%
been
59%
can't
59%
Oh
58%
now
57%
way
56%
down
53%
fairytale
53%
got
53%
Today
53%
up
53%
feel
52%
told
52%
took
52%
yeah
52%
Did
50%
hand
50%
must
50%
You've
50%
standing
49%
looked
48%
Today Was A Fairytale
48%
Fell
45%
air?
44%
Every
44%
prince
44%
magic
42%
dress
41%
heart
41%
kissed
41%
mess
41%
Well
41%
wore
41%
around
40%
pretty
39%
face
38%
slows
38%
T-shirt
37%
beating
36%
chest
36%
damsel
36%
dark
36%
distress
36%
whenever
36%
gray
35%
right
35%
smile
34%
everything
33%
make
33%
used
33%
Nothing
32%
picked
32%
put
32%
six
32%
made
31%
takes
30%
much
29%
getting
27%
another
26%
planet
26%
clearer
25%
move
25%
'til
24%
sense
20%
No matching quizzes found
Score Distribution
Percent of People with Each Score
Percentile by Number Answered
Your Score History
You have not taken this quiz